000 01476nam a22003737a 4500
003 CHAP
005 20220329143522.0
008 100326s2009 mx r 00010 spa d
010 _a97904
011 _a98876
035 _a109561
040 _cCHAP
090 _aTesis
100 1 _aPeña Flores, Lucy Araceli.
_937
245 1 0 _aAnálisis de la contribución al deteriodo ambiental de las actividades económicas, con base en el sistema de cuentas económicas y ecológicas de México en el periodo 1985-2006
_c/por Lucy Areli Peña Flores
260 _aChapingo, Méx. :
_bEl autor,
_c2009
300 _av, 72 h. :
_bgráfs.
502 _aTesis (M.C. en Agroforestería para el Desarrrollo Sostenible) -- UACH. Departamento de Suelos
590 _aALEPH
_b10
_c20130110
_lUCH01
_h1533
590 _aBATCH-UPD
_b10
_c20130110
_lUCH01
_h1624
590 _aBATCH-UPD
_b10
_c20130410
_lUCH01
_h1018
590 _aBATCH-UPD
_b10
_c20130913
_lUCH01
_h1804
590 _aBATCH-UPD
_b10
_c20130914
_lUCH01
_h1234
590 _aCONVERSION
_b10
_c20130109
_lUCH01
_h1354
650 1 4 _aEconomía ambiental.
_935258
650 1 4 _aEconomía ecológica.
_935272
650 1 4 _aMedio ambiente
_xContaminación.
_974069
650 1 4 _aProducto interno bruto.
_991870
901 _aBK
911 _aen proceso
942 _cFOLL
949 _aTesis
_bBC
_cTES
_d33724002162330
_eTS1
_gDonaciØn
_h50189
_i109561
_sb
949 _aTesis
_bBC
_cTES
_d33724002162371
_eTS2
_fc.2
_gDonaciØn
_h50190
_i109561
_sb
999 _c97904
_d97904